Eastern Utah Libraries Catalog: Duchesne, Heber, Roosevelt, & Vernal

Kingdom of the Feared / (Record no. 413461)

MARC details
000 -LEADER
fixed length control field 01887pam a2200493 i 4500
001 - CONTROL NUMBER
control field 1291311890
003 - CONTROL NUMBER IDENTIFIER
control field DLC
005 - DATE AND TIME OF LATEST TRANSACTION
control field 20251110171312.0
007 - PHYSICAL DESCRIPTION FIXED FIELD--GENERAL INFORMATION
fixed length control field t||
008 - FIXED-LENGTH DATA ELEMENTS--GENERAL INFORMATION
fixed length control field 220711s2022 nyua d 000 1 eng
010 ## - LIBRARY OF CONGRESS CONTROL NUMBER
LC control number 2022019884
020 ## - INTERNATIONAL STANDARD BOOK NUMBER
International Standard Book Number 9780316341882
Qualifying information hardcover
035 ## - SYSTEM CONTROL NUMBER
System control number (OCoLC)1291311890
035 90 - SYSTEM CONTROL NUMBER
System control number (OCoLC)1344375697
040 ## - CATALOGING SOURCE
Original cataloging agency DLC
Language of cataloging eng
Description conventions rda
Transcribing agency DLC
Modifying agency DLC
-- TnLvILS
042 ## - AUTHENTICATION CODE
Authentication code pcc
-- cyac
092 ## - LOCALLY ASSIGNED DEWEY CALL NUMBER (OCLC)
Classification number fiction
Item number Maniscalco, Kerri
100 1# - MAIN ENTRY--PERSONAL NAME
Personal name Maniscalco, Kerri,
Relator term author.
Relator code aut.
9 (RLIN) 5793355
245 10 - TITLE STATEMENT
Title Kingdom of the Feared /
Statement of responsibility, etc Kerri Maniscalco.
250 ## - EDITION STATEMENT
Edition statement First edition.
264 #1 - Production, Publication, Distribution, Manufacture, and Copyright Notice.
Place of production, publication, distribution, manufacture New York ;
-- Boston :
Name of producer, publisher, distributor, manufacturer Little, Brown and Company,
Date of production, publication, distribution, manufacture, or copyr 2022.
300 ## - PHYSICAL DESCRIPTION
Extent 404 pages :
Other physical details illustrations ;
Dimensions 24 cm.
336 ## - Content Type
Content type term text
337 ## - Media type
Media type term unmediated
338 ## - Carrier type
Carrier type term volume
490 1# - SERIES STATEMENT
Series statement Kingdom of the wicked ;
Volume number/sequential designation 3.
520 ## - SUMMARY, ETC.
Summary, etc Emilia is determined to clear Vittoria's name when she is implicated in the murder of a high-ranking member of a rival demon court--even when her investigation forces Emilia to face the demons of her own past.
521 1# - TARGET AUDIENCE NOTE
Target audience note 016+.
650 #0 - SUBJECT ADDED ENTRY--TOPICAL TERM
Topical term or geographic name as entry element Demonology
Form subdivision Juvenile fiction.
9 (RLIN) 5683767
650 #0 - SUBJECT ADDED ENTRY--TOPICAL TERM
Topical term or geographic name as entry element Blessing and cursing
Form subdivision Juvenile fiction.
9 (RLIN) 5675729
650 #0 - SUBJECT ADDED ENTRY--TOPICAL TERM
Topical term or geographic name as entry element Supernatural
Form subdivision Juvenile fiction.
9 (RLIN) 5683765
650 #0 - SUBJECT ADDED ENTRY--TOPICAL TERM
Topical term or geographic name as entry element Sisters
Form subdivision Juvenile fiction.
9 (RLIN) 5674652
650 #0 - SUBJECT ADDED ENTRY--TOPICAL TERM
Topical term or geographic name as entry element Twins
Form subdivision Juvenile fiction.
9 (RLIN) 5674271
650 #1 - SUBJECT ADDED ENTRY--TOPICAL TERM
Topical term or geographic name as entry element Demonology
Form subdivision Fiction.
9 (RLIN) 5677070
650 #1 - SUBJECT ADDED ENTRY--TOPICAL TERM
Topical term or geographic name as entry element Blessing and cursing
Form subdivision Fiction.
9 (RLIN) 5675732
650 #1 - SUBJECT ADDED ENTRY--TOPICAL TERM
Topical term or geographic name as entry element Supernatural
Form subdivision Fiction.
9 (RLIN) 5674229
650 #1 - SUBJECT ADDED ENTRY--TOPICAL TERM
Topical term or geographic name as entry element Sisters
Form subdivision Fiction.
9 (RLIN) 5674091
650 #1 - SUBJECT ADDED ENTRY--TOPICAL TERM
Topical term or geographic name as entry element Twins
Form subdivision Fiction.
9 (RLIN) 5674236
655 #7 - INDEX TERM--GENRE/FORM
Genre/form data or focus term Paranormal fiction.
Source of term lcgft.
9 (RLIN) 5674233
655 #7 - INDEX TERM--GENRE/FORM
Genre/form data or focus term Novels.
Source of term lcgft.
800 1# - SERIES ADDED ENTRY--PERSONAL NAME
Personal name Maniscalco, Kerri.
Title of a work Kingdom of the Wicked (Series)
Numeration 3
9 (RLIN) 6555480
830 ## - SERIES ADDED ENTRY--UNIFORM TITLE
Uniform title Kingdom of the wicked.
9 (RLIN) 6555481
942 ## - ADDED ENTRY ELEMENTS (KOHA)
Source of classification or shelving scheme Dewey Decimal Classification
Koha item type BOOK
Holdings
Withdrawn status Lost status Source of classification or shelving scheme Damaged status Not for loan Collection code Home library Current library Shelving location Date acquired Source of acquisition Serial Enumeration / chronology Total Checkouts Full call number Barcode Date last seen Cost, replacement price Price effective from Koha item type
    Dewey Decimal Classification     Fiction Wasatch County Library Wasatch County Library First Floor 11/13/2025 Donation #3 Kingdom of the Wicked   F Maniscalco 34301002117978 11/13/2025 19.99 11/13/2025 BOOK
This project was made possible through a grant from the Institute of Museum and Library Service administered by the Utah State Library Division.

Wasatch County Library

  • 465 East 1200 South, Heber City, Utah 84032
  • Phone 435-654-1511 | Fax 435-654-6456

Hours

  • Monday - Friday 9:30 AM - 8:00 PM
  • Saturday 9:30 AM - 1:30 PM
  • Closed Sundays and Holidays